000 00889nam a2200265 a 4500
001 000020015
005 20200929170230.0
008 100712s1970 sp 001 f spa d
040 _aDO-SdBNP
_bspa
_cBNPHU
082 _a863.6
_bB264z, 1970
100 1 _aBaroja, Pío,
_d1872-1956.
_98694
245 1 0 _aZalacaín el aventurero :
_bhistoria de las buenas andanzas y fortunas de Martín Zalacaín de Urbía /
_cPío Baroja.
250 _a6a ed.
260 _aMadrid :
_bEspasa-Calpe,
_c1970.
300 _a156, [20] p. ;
_c18 cm.
490 1 _aAustral. Azul: novelas y cuentos en general
_v346
490 1 _aTierra vasca
500 _aIncluye índice de autores
650 4 _aNovela española
_91123
650 4 _aLiteratura española
_9632
830 0 _aAustral.
_pAzul: novelas y cuentos en general;
_v346
_922386
830 0 _aTierra vasca
_942608
910 _aWM
049 _aBNGR
999 _c19527
_d19527